NHL Points (Defensemen) - Statistics

General Stats
  • This quiz has been taken 55 times
  • The average score is 28 of 50
Answer Stats
# Team Player % Correct
1531 EDM Paul Coffey
98%
1579 BOS Ray Bourque
98%
1274 CGY Al Macinnis
91%
761 OTT Erik Karlsson
91%
908 NJD Scott Stevens
91%
915 BOS Bobby Orr
88%
838 SJS Brent Burns
88%
619 LAK Drew Doughty
88%
1142 DET Nicklas Lidstrom
88%
1020 NYR Brain Leetch
86%
1052 NYI Denis Potvin
86%
958 MTL Larry Robinson
86%
691 PIT Kris Letang
81%
601 NSH Roman Josi
81%
1232 BUF Phil Housley
79%
777 LAK Rob Blake
79%
652 TBL Victor Hedman
79%
948 CHI Chris Chelios
77%
646 CHI Duncan Keith
74%
622 WSH John Carlson
70%
787 TOR Borje Salming
67%
844 CGY Gary Suter
67%
664 MIN Ryan Suter
67%
680 BOS Zdeno Chara
67%
1217 WSH Larry Murphy
65%
740 NJD Scott Niedermayer
65%
698 STL Chris Pronger
63%
589 NSH Shea Weber
63%
771 DAL Sergei Zubov
58%
896 BOS Brad Park
47%
742 PHI Mark Howe
47%
827 CHI Doug Wilson
42%
811 WSH Sergei Gonchar
40%
605 SJS Dan Boyle
37%
638 PHX Teppo Numminen
37%
677 WSH Kevin Hatcher
30%
752 LAK Steve Duchesne
30%
622 MTL Guy Lapointe
28%
619 PHX Keith Yandle
21%
743 MTL Mathieu Schneider
21%
638 TBL Roman Hamrlik
21%
647 WIN Randy Carlyle
16%
685 DET Reed Larson
14%
723 VAN Dave Babych
9%
639 NYR James Patrick
9%
584 STL Jeff Brown
9%
610 NYR Ron Greschner
9%
587 NYR Carol Vadnais
5%
710 BOS Doug Mohns
2%
600 LAK Garry Gallery
0%
No matching quizzes found
Score Distribution
Percent of People with Each Score
Percentile by Number Answered
Your Score History
You have not taken this quiz